01011cam a22003494i 4500003000900000005001700009008004100026020001500067035002700082040003300109082001900142100003100161245007900192264004200271300003800313336002100351337002500372338002300397505008900420526001000509526001000519526001000529526001000539526000800549526000800557526000800565526000800573526000800581526000800589526000800597650005600605PE-LiUPU20250731173504.0150616s1994 mnu r 000 0 eng d a0800625676 a(Sirsi) i9780800625672 aPE-LiUPUbspacPE-LiUPUerda04a270.1bW152211 aWagner, Walter H.,eautor.10aAfter the Apostles Christianity in the Second Century /cWalter H. Wagner. 1aMinneapolis :bFortress Press,c1994. a287 páginas ;c23 centímetros atext2rdacontent aunmediated2rdamedia avolume2rdacarrier0 aKingdom and empire -- Challenges for Christians -- Five Leaders Respond. Christians. aSEG42 aSEG41 aSEG40 aSEG39 aP94 aP87 aP86 aP85 aP77 aP76 aP3514aIglesiaxHistoriayPeriodo Apóstolico, ca.30-600.